Statistics for All players to appear in a Rugby World Cup final

Click here to take the quiz!

General Stats

  • This quiz has been taken 11 times
  • The average score is 108 of 395

Answer Stats

HintAnswer% Correct
10Dan Carter
90%
2John Smit
90%
9Aaron Smith
80%
15 | SubBeauden Barrett
80%
15Ben Smith
80%
11 | 14Cheslin Kolbe
80%
13Conrad Smith
80%
11Craig Green
80%
6George Smith
80%
10Handré Pollard
80%
10Jonny Wilkinson
80%
12Jordie Barrett
80%
7Juan Smith
80%
SubKwagga Smith
80%
5Scott Barrett
80%
14Will Jordan
80%
8Ardie Savea
70%
1Bill Young
70%
SubDan Cole
70%
9Faf de Klerk
70%
12Hennie le Roux
70%
2Jamie George
70%
14 | 15Jason Robinson
70%
13Jesse Kriel
70%
11Jonah Lomu
70%
11Julian Savea
70%
8Kieran Read
70%
13Mike Tindall
70%
7Richie McCaw
70%
5 | SubSam Whitelock
70%
6Siya Kolisi
70%
SubSonny Bill Williams
70%
15 | SubWillie le Roux
70%
SubAli Williams
60%
4Brodie Retallick
60%
11Chester Williams
60%
2Codie Taylor
60%
12Damian de Allende
60%
2Dane Coles
60%
8Duane Vermeulen
60%
4Eben Etzebeth
60%
15Elliot Daly
60%
1Joe Moody
60%
7 | SubLewis Moody
60%
SubMalcolm Marx
60%
4Martin Johnson
60%
9Matt Dawson
60%
14Nehe Milner-Skudder
60%
12Owen Farrell
60%
7Pieter-Steph du Toit
60%
10Richie Mo'unga
60%
7 | SubSam Cane
60%
2Steve Thompson
60%
SubTamaiti Williams
60%
12Warwick Taylor
60%
12Will Greenwood
60%
SubAnton Lienert-Brown
50%
SubBen Franks
50%
9Ben Youngs
50%
8Billy Vunipola
50%
11Bryan Habana
50%
15Damian Willemse
50%
1Ethan de Groot
50%
12 | SubFrançois Steyn
50%
10George Ford
50%
15Israel Folau
50%
6Jerome Kaino
50%
11Jonny May
50%
14Kurt-Lee Arendse
50%
3Kyle Sinckler
50%
12Ma'a Nonu
50%
1Mako Vunipola
50%
13Manu Tuilagi
50%
4Maro Itoje
50%
3Owen Franks
50%
13Rieko Ioane
50%
1Tony Daly
50%
14Anthony Watson
40%
11Ben Cohen
40%
5Ben Kay
40%
2Brian Moore
40%
10Butch James
40%
5Courtney Lawes
40%
SubDeon Fourie
40%
5 | SubFranco Mostert
40%
3Frans Malherbe
40%
4Ian Jones
40%
SubJamie Joseph
40%
13Jaque Fourie
40%
SubJasper Wiese
40%
SubJoe Marler
40%
SubJonathan Joseph
40%
4Kobus Wiese
40%
8 | SubLawrence Dallaglio
40%
5Lood de Jager
40%
13Lukhanyo Am
40%
11Makazole Mapimpi
40%
11Mark Telea
40%
7Michael Jones
40%
10Morgan Parra
40%
7Neil Back
40%
9Nick Farr-Jones
40%
3Olo Brown
40%
SubRG Snyman
40%
6Shannon Frizell
40%
2Stephen Moore
40%
14Adam Ashley-Cooper
30%
4Bakkies Botha
30%
10Bernard Foley
30%
2Bongi Mbonambi
30%
SubDamian McKenzie
30%
11David Campese
30%
3Ewen McKenzie
30%
6Francois Pienaar
30%
9George Gregan
30%
15Israel Dagg
30%
1 | SubJason Leonard
30%
2 | SubKeven Mealamu
30%
SubMark Wilson
30%
2Michael Foley
30%
7Michael Hooper
30%
12 | SubMike Catt
30%
SubOx Nché
30%
3Phil Vickery
30%
6 | 9Richard Hill
30%
11Rory Underwood
30%
7Sam Underhill
30%
4Simon Shaw
30%
1 | SubSteven Kitshoff
30%
12Tim Horan
30%
6Tom Curry
30%
3Tyrel Lomax
30%
5Victor Matfield
30%
SubVincent Koch
30%
13Will Carling
30%
9Will Genia
30%
SubAndy Ellis
20%
SubBen Spencer
20%
4Brad Thorn
20%
SubCharlie Faumuina
20%
SubDalton Papalii
20%
9David Kirk
20%
8David Pocock
20%
7David Wilson
20%
SubFinlay Christie
20%
9Fourie du Preez
20%
SubFrancois Louw
20%
SubGeorge Kruis
20%
SubHenry Slade
20%
13 | SubJason Little
20%
14Jeff Wilson
20%
12Jeremy Guscott
20%
5John Eales
20%
14John Kirwan
20%
9Joost van der Westhuizen
20%
15Josh Lewsey
20%
SubKurtley Beale
20%
SubMarc Ellis
20%
15Mat Rogers
20%
15Percy Montgomery
20%
7Phil Waugh
20%
9Piri Weepu
20%
10Rob Andrew
20%
SubSamisoni Taukei'aho
20%
6Schalk Burger
20%
1Tendai Mtawarira
20%
SubToby Flood
20%
1Tony Woodcock
20%
SubTrevor Nyakane
20%
1Trevor Woodman
20%
SubVictor Vito
20%
12Walter Little
20%
14Wendell Sailor
20%
10Aaron Cruden
10%
4Abdelatif Benazzi
10%
6Alan Whetton
10%
3Al Baxter
10%
15André Joubert
10%
3Andrew Blades
10%
SubAndrew Hore
10%
10Andrew Mehrtens
10%
14Ben Tune
10%
8Buck Shelford
10%
2Chris Rossouw
10%
SubChris Whittaker
10%
3CJ van der Linde
10%
14Cory Jane
10%
1Craig Dowd
10%
13Dan Herbert
10%
8Danie Rossouw
10%
8David Lyons
10%
11Drew Mitchell
10%
12Elton Flatley
10%
9Fabien Galthié
10%
SubFrançois Trinh-Duc
10%
13Frank Bunce
10%
5Gary Whetton
10%
15Glen Osborne
10%
9Graeme Bachop
10%
10Grant Fox
10%
SubHerschel Jantjies
10%
14James Small
10%
10Joel Stransky
10%
11Joe Roff
10%
13Joe Stanley
10%
3John Drake
10%
15John Gallagher
10%
7Josh Kronfeld
10%
14JP Pietersen
10%
4Justin Harrison
10%
5Lionel Nallet
10%
11Lote Tuqiri
10%
SubLuke Cowan-Dickie
10%
8Mark Andrews
10%
11Mark Cueto
10%
6Martin Corry
10%
15Matt Burke
10%
6 | SubMatt Cockbain
10%
12 | SubMatt Giteau
10%
15Maxime Médard
10%
10Michael Lynagh
10%
6Mike Brewer
10%
4Murray Pierce
10%
SubNathan Grey
10%
SubNepo Laulala
10%
3Nicolas Mas
10%
1Os du Randt
10%
4Pascal Papé
10%
7Peter Winterbottom
10%
13Philippe Sella
10%
2Phil Kearns
10%
SubPieter de Villiers
10%
11Richard Kahui
10%
5Robin Brooke
10%
6Scott Fardy
10%
1Scott Sio
10%
2Sean Fitzpatrick
10%
3Sekope Kepu
10%
15Serge Blanco
10%
6Simon Poidevin
10%
SubStephen Donald
10%
10Stephen Larkham
10%
1Steve McDowall
10%
13Stirling Mortlock
10%
SubTawera Kerr-Barlow
10%
13Tevita Kuridrani
10%
6Thierry Dusautoir
10%
8Toutai Kefu
10%
14Vincent Clerc
10%
8Zinzan Brooke
10%
4Alain Lorieux
0%
11Alexis Palisson
0%
1Andrew Sheridan
0%
9Andy Gomarsall
0%
SubAnt Strachan
0%
SubArnaud Costes
0%
13Aurélien Rougerie
0%
3Balie Swart
0%
SubBen McCalman
0%
SubBismarck du Plessis
0%
14Bob Egerton
0%
2Brendan Cannon
0%
SubBrendan Venter
0%
1Cedric Soulette
0%
11Christophe Dominici
0%
8Christophe Juillet
0%
10Christophe Lamaison
0%
SubDamien Traille
0%
SubDan Hipkiss
0%
2Daniel Dubroca
0%
4 | SubDavid Giffin
0%
SubDean Mumm
0%
12Denis Charvet
0%
14Didier Camberabero
0%
SubDimitri Szarzewski
0%
9Dimitri Yachvili
0%
7Dominique Erbani
0%
12Émile Ntamack
0%
6Éric Champ
0%
SubFabien Barcella
0%
5Fabien Pelous
0%
10Franck Mesnel
0%
3Franck Tournaire
0%
SubGarry Pagel
0%
SubGeorge Chuter
0%
SubGreg Holmes
0%
5Hannes Strydom
0%
SubIain Balshaw
0%
8Imanol Harinordoquy
0%
SubJames Slipper
0%
13Japie Mulder
0%
1Jean-Baptiste Poux
0%
5Jean Condom
0%
SubJean Kleyn
0%
SubJean-Marc Doussain
0%
3Jean-Pierre Garuet-Lempirou
0%
3Jeff Probyn
0%
SubJeremy Paul
0%
SubJoe Worsley
0%
15Jonathan Webb
0%
7Julien Bonnaire
0%
SubJulien Pierre
0%
4Kane Douglas
0%
8Laurent Rodriguez
0%
SubMarc Dal Maso
0%
6Marc Lievremont
0%
2Mark Regan
0%
15Marty Roebuck
0%
13Mathew Tait
0%
SubMatt Dunning
0%
SubMatt Stevens
0%
SubMatt To'omua
0%
12Maxime Mermoz
0%
6Michael Skinner
0%
8Mike Teague
0%
5Nathan Sharpe
0%
8Nick Easter
0%
SubNick Phipps
0%
SubOlivier Brouzet
0%
7Olivier Magne
0%
SubOwen Finegan
0%
1Pascal Ondarts
0%
11Patrice Lagisquet
0%
5Paul Ackford
0%
14Paul Sackey
0%
14Philippe Bernat-Salles
0%
9Pierre Berbizier
0%
2Raphaël Ibañez
0%
13Richard Dourthe
0%
1Richard Harry
0%
SubRichard Loe
0%
5Rob Simmons
0%
4Rod McCall
0%
7Ruben Kruger
0%
SubRudolf Straeuli
0%
14Simon Halliday
0%
SubStéphane Castaignède
0%
SubStephane Glas
0%
SubTatafu Polota-Nau
0%
8Troy Coker
0%
SubUgo Mola
0%
7Viliami Ofahengaue
0%
4Wade Dooley
0%
SubWikus van Heerden
0%
2William Servat
0%
15Xavier Garbajosa
0%

Score Distribution

Percentile by Number Answered

Percent of People with Each Score

Your Score History

You have not taken this quiz